00918nam a2200265Ia 450000500170000000800410001702000150005804100080007310000170008124500980009825000220019630000240021849000450024265000390028765000390032665000370036570000310040270000360043326400490046933600270051833700330054533800280057804000350060608400110064120220316235525.0121119s2000 mx gr 000 j spa  a96816608111 aspa1 aCantin, Marc10aPrincesa Ana cMarc Cantin ; ilustraciones, Martin Jarrie ; traducción de Diana Luz Sanchez aPrimera edición a30 páginasc24 cm0 aLos especiales de a la orilla del viento10aCuentos infantiles franceses2LEMB10aLiteratura infantil francesa2LEMB10aPrincesas en la literatura2LEMB1 aJarrie, Martineilustrador1 aSánchez, Diana Luzetraductor aMéxicobFondo de Cultura Económicac2000 atextobtxt2rdacontent asin mediaciónbn2rdamedia avolumenbnc2rdacarrier aCO-BoRNBPbspaerdacCO-BoRNBP aC CAN6